New York Knicks All-NBA Players - Statistics

General Stats
  • This quiz has been taken 552 times
    238 since last reset
  • The average score is 9 of 15
Answer Stats
Player % Correct
Jalen Brunson
97%
Patrick Ewing
95%
Carmelo Anthony
89%
Karl-Anthony Towns
88%
Walt Frazier
82%
Willis Reed
80%
Julius Randle
78%
Bernard King
68%
Amar'e Stoudemire
58%
Tyson Chandler
50%
Dave DeBusschere
45%
Richie Guerin
24%
Harry Gallatin
10%
Carl Braun
8%
Dick McGuire
6%
No matching quizzes found
Score Distribution
Percent of People with Each Score
Percentile by Number Answered
Your Score History
You have not taken this quiz since the last reset